000 00245nam a2200109Ia 4500
005 20251222114412.0
008 251222s1900||||xx |||||||||||||| ||spa||
082 _aDVD0099/S51/2006
245 0 _aSican
264 _bMetro Producciones
942 _cDVD
999 _c2064
_d2064